| 000 | 01253cam a22003377a 4500 | ||
|---|---|---|---|
| 003 | CHAP | ||
| 005 | 20220817041430.0 | ||
| 008 | 971013s1983 r 00010 d | ||
| 010 | _a14314 | ||
| 011 | _a15286 | ||
| 035 | _a19361 | ||
| 040 | _cCHAP | ||
| 082 |
_a465.3 _bG6 |
||
| 100 | 0 | 0 |
_aGonzález Ricaño, María Eugenia. _949336 |
| 245 | 1 | 0 | _aElementos de comunicación lectura y redacción |
| 260 |
_aMéxico, D.F. : _bCECSA, _c1983 |
||
| 300 |
_a189 p. _b: ilus |
||
| 490 | 0 |
_aCol. Bachillerato Tecnológico. Tronco comun: Taller de lectura y redacción I. Texto _v; 3 |
|
| 590 |
_aBATCH-UPD _b10 _c20130110 _lUCH01 _h0308 |
||
| 590 |
_aBATCH-UPD _b10 _c20130110 _lUCH01 _h1615 |
||
| 590 |
_aBATCH-UPD _b10 _c20130409 _lUCH01 _h2340 |
||
| 590 |
_aBATCH-UPD _b10 _c20130410 _lUCH01 _h1428 |
||
| 590 |
_aBATCH-UPD _b10 _c20130914 _lUCH01 _h1001 |
||
| 590 |
_aCONVERSION _b10 _c20130109 _lUCH01 _h1309 |
||
| 650 | 1 | 4 |
_aEspañol _xOrtografía y redacción. _937739 |
| 710 | 0 | _aMéxico. Dirección General de Planeación Educativa. | |
| 830 | 0 |
_aCol. Bachillerato Tecnológico. Tronco comun: Taller de lectura y redacción I. Texto _v; 3 _924522 |
|
| 901 | _aBK | ||
| 942 | _cLIBRO | ||
| 949 |
_a465.3 G6 _bBC _cMUT _d-45036 _eMUT _h66182 _i19361 _mDr. Méndez _si |
||
| 999 |
_c14314 _d14314 |
||